| 000 | 00542nam a2200205Ia 4500 | ||
|---|---|---|---|
| 005 | 20250425161157.0 | ||
| 008 | 250425s9999 xx 000 0 und d | ||
| 020 | _a084930671X | ||
| 041 | _aeng | ||
| 082 | _a621.381 | ||
| 100 | _aLIN, WEN C. | ||
| 245 | 0 | _aHANDBOOK OF DIGITAL SYSTEM DESIGN FOR SCIENTISTS AND ENGINEERS: DESING WITH ANALOG, DIGITAL, AND LSI | |
| 250 | _aS.E. | ||
| 260 | _aBOCA RATON | ||
| 260 |
_aEstados Unidos _bCRC _c1981 |
||
| 300 | _a247 | ||
| 650 | _aELECTRONICA DIGITAL | ||
| 942 | _c01 | ||
| 010 | _a14420 | ||
| 999 |
_c203949 _d203949 |
||